01881cam a22003255a 45000010009000000050017000090080041000260200016000670200018000830400034001010820023001351000030001582450107001882460090002952500031003852600086004163000044005025000074005465000026006205040041006465200506006876500042011936500037012356500037012726510010013096530035013199420023013549990017013779520161013941776405720151115104234.0130603t2014 paua frb 001 0 eng d a145118896X  a9781451188967 aDNLM/DLCcDLCdEG-ScBUE beng04a610.73678222bPIL1 aPillitteri, Adele.91216110aMaternal & child health nursing :bcare of the childbearing & childrearing family /cAdele Pillitteri.1 aMaternal and child health nursing :bcare of the childbearing and childrearing family a7th ed., International ed. aPhiladelphial :bWolters Kluwer Health / Lippincott Williams & Wilkins, cc.2014. axxvii, 1712 p. :bill. (col.) ;c29 cm. aAccess code is required to get resources for students and instructors aIndex : p. 1673-1712. aIncludes bibliographical references. aAdele Pillitteri aims to ensure that today's students have a technical understanding, without losing the importance of compassion in their role as a nurse. The text presents pediatrics and maternity as a continuum of knowledge, taking a holistic approach and viewing maternity and pediatric content as a family event. The text links theory closely with application that helps students gain a deeper understanding of content and be better prepared to practice in their careers."--Provided by publisher. 7aMaternal-Child Nursing.2BUEsh912164 7aMaternity nursing.9121622BUEsh 7aPediatric nursing.9199672BUEsh 2BUEsh bNNURcAugust2015cNovember2015 2ddck610.73678 PIL c20572d20544 00102ddc40708BaccahaMAINbMAINc1STd2015-08-18ePurchaseg646.00h21764l12m72o610.73678 PILp000030688r2025-07-15 00:00:00s2022-03-31v808.00yBB